• 首页
  • 本馆介绍
  • 公告通知
  • 最新文献
  • 馆藏检索
  • 电子资源
  • 读者导购
  • 参考咨询
  • 我的图书馆
  • 登录
  • 详细信息显示
  • 放入我的书架
  • 预约/预借图书
  • 作者相关作品
  • 分类相关作品
  • 丛书相关作品
  • 出版社相关作品

书目信息

  • 表格格式
  • 工作单格式
  • 卡片格式
题名:
世界文化的东亚视角
    
 
作者: 关世杰 主编
分册:  
出版信息: 北京   北京大学出版社  2007
页数: 490页
开本: 25cm
丛书名:
单 册:
中图分类: K107.8-53
科图分类:
主题词: 东方文化--学术会议--文集
电子资源:
ISBN: 978-7-301-12771-1
000 01145nam0 2200265 450
001 012007111218
005 20091208161053.62
010    @a978-7-301-12771-1@dCNY62.00
100    @a20071117d2007 em y0chiy0110 ea
101 0  @achi@eeng
102    @aCN@b110000
105    @aaf z 000yy
106    @ar
200 1  @a世界文化的东亚视角@9shi jie wen hua de dong ya shi jiao@e全球化进程中的东方文明@f关世杰主编
210    @a北京@c北京大学出版社@d2007
215    @a490页@c图,照片@d25cm
300    @a中国哈佛--燕京学者2005北京年会暨国际学术研讨会论文集 本届年会得到哈佛--燕京学社资助
330    @a本书分为东西文明的汇聚、冲突与融合,全球化中的东方文明,全球化中的经济与社会,全球化中的传播与文化,考古、历史与文学等六部分,收录了关于全球进程中的东方文明的论文。
510 1  @aEast Asia's view on world culture@eeast civilizations in the process of globalization@zeng
517 1  @a全球化进程中的东方文明@9quan qiu hua jin cheng zhong de dong fang wen ming
606 0  @a东方文化@x学术会议@j文集
690    @aK107.8-53@v4
701  0 @a关世杰@9guan shi jie@4主编
801  0 @aCN@bRENTIAN@c20091208
905    @b20794715-20@dK107.8-53@e164@f6
    
    世界文化的东亚视角:全球化进程中的东方文明/关世杰主编.-北京:北京大学出版社,2007
    490页:图,照片;25cm
    中国哈佛--燕京学者2005北京年会暨国际学术研讨会论文集 本届年会得到哈佛--燕京学社资助
    
    ISBN 978-7-301-12771-1:CNY62.00
    本书分为东西文明的汇聚、冲突与融合,全球化中的东方文明,全球化中的经济与社会,全球化中的传播与文化,考古、历史与文学等六部分,收录了关于全球进程中的东方文明的论文。
●
相关链接 在E读中查询图书 在五车中查询图书 在当当中查询图书 在豆瓣中查询图书


正题名:世界文化的东亚视角     索取号:K107.8-53/164         预约/预借

序号 登录号 条形码 馆藏地/架位号 状态 备注
1 794715   207947150   第二样本阅览室/ [索取号:K107.8-53/164] 在馆    
2 794716   207947169   第二借阅区/ [索取号:K107.8-53/164] 在馆    
3 794717   207947178   第二借阅区/ [索取号:K107.8-53/164] 在馆    
4 794718   207947187   第二借阅区/ [索取号:K107.8-53/164] 在馆    
5 794719   207947196   第二借阅区/ [索取号:K107.8-53/164] 在馆    
6 794720   207947203   第二借阅区/ [索取号:K107.8-53/164] 在馆    
唐山师范学院图书馆 欢迎您!
大连网信软件有限公司© 版权所有